Colonies d'Afrique en 1913 sur une carte - Statistiques

Statistiques générales
  • Ce quiz a été pris 13 775 fois
  • Le résultat moyen est 28 sur 51
Réponses sur la Carte
Les réponses sont colorées sur une échelle allant du rouge au vert en fonction du pourcentage des utilisateurs qui les ont devinées à leur premier essai. Vous pouvez retrouver ces pourcentages ci-dessous.
 
Statistiques - réponses
Colonie % Correct
Algérie
96%
{Maroc} espagnol
94%
{Maroc} français
94%
{Congo} belge
92%
Égypte
91%
Tunisie
91%
Libye
89%
Afrique du Sud
87%
Madagascar
87%
Soudan
84%
Côte française des {Somalis}
83%
{Somalie} britannique
83%
{Somalie} italienne
83%
Angola
77%
{Afrique} {orientale} britannique
75%
Nigeria
74%
Cap-Vert
73%
Côte d'Ivoire
73%
Érythrée
73%
{Guinée} portugaise
73%
Kamerun
73%
Mozambique
72%
Togoland
71%
Ruanda-Urundi
69%
Comores
66%
{Swazi}land
64%
Maurice
63%
Ouganda
63%
Seychelles
63%
{Afrique}-{Équatoriale} française
59%
Gambie
57%
Sao Tomé
57%
Sierra Leone
57%
Rio de Oro
53%
La Réunion
51%
Îles Canaries
44%
{Afrique}-{Occidentale} française
33%
Madère
25%
Rhodésie du Sud
20%
Rhodésie du Nord
19%
{Afrique} {orientale} allemande
17%
Côte-de-l'Or
17%
Zanzibar
14%
{Sud}-{Ouest} {africain} allemand
10%
{Nyassa}land
6%
{Bechuana}land
5%
{Basuto}land
4%
Cabinda
4%
Fernando Poo
3%
Région continentale
3%
Walvis Bay
3%
Aucun quiz correspondant
Distribution des résultats
% des personnes avec chaque résultat
Percentile par nombre de réponses
Votre historique - résultats
Vous n’avez pas pris ce quiz